000
00254nam a2200097Ia 4500
008
240331s9999 xx 000 0 und d
082
_a
376
_b
WEE
100
_a
Weeratunge,N
245
0
_a
Aspects of ethnicity and gender among the Rodi of Sri LAnka
942
_c
L
999
_c
1301
_d
1301